[Event "HCL-E1577"]
[Site "www.playchess.de"]
[Date "2006.02.08"]
[Round "3"]
[White "Chuck_Ventimiglia"]
[Black "yannick"]
[WhiteElo "2048"]
[BlackElo "1558"]
[PlyCount "91"]
[Result "1-0"]

1.e4 {Hello and nice to meet you!!}  d6 {hi same 
here,good tournament}  2.d4 Nf6 3.Nc3 g6 4.f4 Bg7 
{modern pirc ?}  5.Nf3 {Whenever possible I play 
the Austrian Attack against the Pirc.  The 4.f4 
starts the Austrian Attack.}  c5 {ok let's go}  
6.Bb5+ Bd7 7.e5 Ng4 8.e6 Bxb5 9.exf7+ Kd7 10.Nxb5 
Qa5+ 11.Nc3 cxd4 12.Nxd4 Bxd4 13.Qxd4 Nc6 14.Qd1 
Qh5 15.Ne4 Raf8 16.Qf3 Rxf7 17.Qb3 Nd8 18.Bd2 Nxh2 
19.Ng3 Qh4 20.O-O-O e5 21.Nf1 Rhf8 22.Nxh2 Ke8 
23.Nf3 Qg3 24.Rhe1 Qxg2 25.Nxe5 dxe5 26.Rxe5+ Kd7 
27.Bb4+ Kc8 28.Bxf8 Rxf8 29.Qc4+ Kb8 30.Qb4 Rg8 
31.Qd6+ Kc8 32.Rc5+ Nc6 33.Qe6+ Kc7 34.Qxg8 Kb6 
35.Qb3+ Kxc5 36.Qe3+ Kb5 37.a4+ {I am a fool. I 
should have moved a4 on last move.  Keep playing I 
may lose this game yet.  :-)}  Ka6 {let's go}  
38.Qd3+ Kb6 39.b4 a6 40.Qe3+ Kc7 41.b5 axb5 
42.axb5 Qg4 43.b6+ Kb8 44.Qc3 Qxf4+ 45.Kb2 Nd4 
46.Rxd4 1-0

[Event "HCL-A2590"]
[Site "www.playchess.de"]
[Date "2006.02.08"]
[Round "6"]
[White "dynamike"]
[Black "RUDI"]
[WhiteElo "1442"]
[BlackElo "1234"]
[PlyCount "34"]
[Result "0-1"]

1.e4 {auf ein Neues}  e5 {same procedure as last 
year?}  2.Nf3 {same procedure as every year!}  d6 
3.Bc4 Be7 4.d4 exd4 5.Nxd4 Nf6 6.Nc3 O-O 7.h3 b6 
8.Qe2 a6 9.a4 Bb7 10.O-O Nbd7 11.f4 Re8 12.Nf3 g6 
13.e5 dxe5 14.fxe5 Nh5 15.e6 fxe6 16.Qxe6+ Kh8 
17.g4 Bc5+ {jetzt probier ich mal was Neues} 
 0-1

[Event "HCL-A2460"]
[Site "www.playchess.de"]
[Date "2006.02.08"]
[Round "3"]
[White "Chascarrillo"]
[Black "organic"]
[WhiteElo "1700"]
[BlackElo "1295"]
[PlyCount "125"]
[Result "1-0"]

1.e4 c5 2.Nf3 d6 3.Bb5+ Bd7 4.Bxd7+ Nxd7 5.c4 Ngf6 
6.Nc3 g6 7.d4 Bg7 8.O-O O-O 9.b3 a6 10.Bb2 Rb8 
11.e5 dxe5 12.dxe5 Ng4 13.e6 fxe6 14.Ng5 Nxf2 
15.Rxf2 Bd4 16.Nce4 Rxf2 17.Bxd4 Rf5 18.Bb2 Nf6 
19.Bxf6 exf6 20.Nf3 Qc7 21.Ng3 Rd8 22.Qe2 Rf4 
23.Qxe6+ Kg7 24.Ne2 Rf5 25.Ng3 Rf4 {(offering 
draw)}  26.Re1 Rd7 27.Ne2 Rf5 {(offering draw)}  
28.Nc3 Rf7 29.Nd5 Qd7 30.Qb6 Rxd5 31.cxd5 Qxd5 
32.Rc1 Rd7 33.Qxc5 Qxc5+ 34.Rxc5 b6 35.Rc6 Rb7 
36.Nd4 Rd7 37.Ne6+ Kf7 38.Rxb6 Rd1+ 39.Kf2 Rd2+ 
40.Kf3 Rxa2 41.Nc5 a5 42.Rb7+ Kg8 43.Ra7 Ra3 
44.Ra6 Kg7 45.Rb6 Kf7 46.Rb5 h5 47.Ke2 Ra2+ 48.Kf1 
Ra1+ 49.Kf2 Ra2+ {(offering draw)}  50.Kg3 Ra3 
51.Kh3 g5 52.g3 Ra2 53.g4 h4 54.Nb7 a4 55.bxa4 
Rxa4 56.Rf5 Ra6 {(offering draw)}  57.Nc5 Rc6 
58.Nd7 Kg7 59.Nxf6 Rxf6 60.Rxg5+ Kh7 61.Kxh4 Rh6+ 
62.Rh5 Rxh5+ 63.Kxh5 1-0

[Event "HCL-C4120"]
[Site "www.playchess.de"]
[Date "2006.02.08"]
[Round "10"]
[White "aerandir10"]
[Black "nichju"]
[WhiteElo "800"]
[BlackElo "1072"]
[PlyCount "36"]
[Result "0-1"]

1.e4 {good luck}  e6 {Hello and good luck}  2.Nc3 
d5 3.Bd3 Nf6 4.exd5 exd5 5.Nf3 Bc5 6.O-O d4 7.Ne4 
Nbd7 8.Nxf6+ Nxf6 9.Bc4 O-O 10.d3 Ng4 11.a3 b6 
12.Bd5 Qxd5 13.Bf4 Bd6 14.Bxd6 Qxd6 15.Qd2 c5 
16.b3 Bb7 17.Qe2 Bxf3 18.Qxf3 Qxh2+ 0-1

[Event "HCL-C4143"]
[Site "www.playchess.de"]
[Date "2006.02.08"]
[Round "9"]
[White "nichju"]
[Black "donsimon"]
[WhiteElo "1080"]
[BlackElo "1071"]
[PlyCount "88"]
[Result "0-1"]

1.e4 {Hallo und viel Glück}  e5 {sei gegrüßt und 
schönes Spiel}  2.Nf3 Nf6 3.Bc4 Nxe4 4.d3 Nf6 
5.Nxe5 Qe7 6.Bf4 d6 7.Bxf7+ Kd8 8.Bb3 dxe5 9.Bg5 
b6 10.O-O Nc6 11.Nc3 h6 12.Bxf6 Qxf6 13.Nd5 Qd6 
14.Qh5 Be6 15.Qh4+ g5 16.Qa4 Bxd5 17.Bxd5 Qxd5 
18.c4 Qe6 19.Rad1 a5 20.Rfe1 Bc5 21.a3 Rf8 22.Kh1 
Bxf2 23.Ref1 Rf4 24.g3 Rf3 25.Kg2 Qf6 26.d4 Nxd4 
27.Qb5 Ke7 28.Qd5 Rd8 29.Qb7 Rd7 30.b4 c5 31.Qe4 
axb4 32.Qh7+ Ke6 33.Qg8+ Kd6 34.Qb8+ Ke7 35.a4 g4 
36.Qg8 h5 37.Qh7+ Qf7 38.Qe4 h4 39.Qxg4 hxg3 
40.Qg5+ Kf8 41.Qh6+ Qg7 42.Qxb6 gxh2+ 43.Kxh2 Qg3+ 
44.Kh1 Qh3+ 0-1

[Event "HCL-B3849"]
[Site "www.playchess.de"]
[Date "2006.02.08"]
[Round "9"]
[White "nico21"]
[Black "garden"]
[WhiteElo "1512"]
[BlackElo "1084"]
[PlyCount "77"]
[Result "1-0"]

1.d4 g6 2.e4 d5 3.Nc3 dxe4 4.Nxe4 Bg7 5.Nf3 Bg4 
6.Bb5+ c6 7.Ba4 Nf6 8.Nxf6+ Bxf6 9.c3 Bd7 10.O-O 
Bg4 11.h3 Bxf3 12.Qxf3 e6 13.Re1 b5 14.Bb3 Bg5 
15.d5 cxd5 16.Bxd5 Bxc1 17.Raxc1 O-O 18.Bxa8 Qd2 
19.Qe2 Qd7 20.Red1 Qe8 21.Bf3 a6 22.Rd2 Nd7 23.Bc6 
Qb8 24.Rxd7 Qb6 25.Bf3 Kg7 26.Qe5+ Kg8 27.Rcd1 f6 
28.Qd6 Qxd6 29.R1xd6 Re8 30.R7d8 Rxd8 31.Rxd8+ Kf7 
32.Ra8 a5 33.Rxa5 f5 34.Rxb5 Kf6 35.a4 e5 36.a5 
Kg5 37.a6 e4 38.Bd1 h5 39.a7 1-0

[Event "HCL-C4146"]
[Site "www.playchess.de"]
[Date "2006.02.08"]
[Round "4"]
[White "Tribun"]
[Black "nichju"]
[WhiteElo "767"]
[BlackElo "1125"]
[PlyCount "76"]
[Result "0-1"]

1.e4 {Hallo nichju!!!!!!!!!}  e6 {Hallo Tribun. 
Auf ein Neues und viel Glück.}  2.d3 c6 3.Be3 Nf6 
4.Nc3 d5 5.f3 d4 6.Bxd4 {..oh nein-ich bin 
unwürdig!!}  Qxd4 {Noch ist nichts verloren}  
7.Nge2 Qb4 8.Qb1 Bc5 9.a3 Qb6 10.d4 Bxd4 11.Na4 
Qa5+ 12.Nec3 Bxc3+ 13.Nxc3 Qc5 14.Bd3 Qe3+ 15.Ne2 
O-O 16.Qa2 Nh5 17.g3 Qxf3 18.Kd2 Nd7 19.Rhf1 Qg2 
20.Qc4 Ne5 21.Qd4 Nf3+ 22.Ke3 Nxd4 23.Nxd4 e5 
24.Rf5 Bxf5 25.Nxf5 Qxh2 26.Rf1 Nxg3 27.Rf3 Nxf5+ 
28.Rxf5 Qg3+ 29.Kd2 g6 30.Rf1 f5 31.Re1 Qf2+ 
32.Re2 Qxe2+ 33.Kxe2 fxe4 34.Bxe4 Rf6 35.Kd3 Rd8+ 
36.Kc3 Rf4 37.Bh1 Rd1 38.b4 Rxh1 0-1

[Event "HCL-B3856"]
[Site "www.playchess.de"]
[Date "2006.02.08"]
[Round "11"]
[White "ama49"]
[Black "Snillie"]
[WhiteElo "1194"]
[BlackElo "1488"]
[PlyCount "54"]
[Result "0-1"]

1.e4 {hello again}  d6 2.d4 Nf6 3.Nc3 g6 4.Nf3 Bg7 
5.Bc4 O-O 6.O-O Nxe4 7.Nxe4 d5 8.Bxd5 Qxd5 9.Nc3 
Qd8 10.Be3 c6 11.Qd2 Nd7 12.Rad1 Nf6 13.h3 Qc7 
14.Qd3 Bf5 15.Qd2 Rad8 16.Nh4 Be6 17.Nf3 Nd5 
18.Nxd5 Bxd5 19.a3 e5 20.dxe5 Bxf3 21.Qc1 Rxd1 
22.Rxd1 Bxd1 23.Qxd1 Rd8 24.Qe2 Qxe5 25.Kf1 Qxb2 
26.Bg5 Qb1+ 27.Qe1 Rd1 0-1

[Event "HCL-B3757"]
[Site "www.playchess.de"]
[Date "2006.02.08"]
[Round "14"]
[White "epenz"]
[Black "Concrete_Pluto"]
[WhiteElo "980"]
[BlackElo "1107"]
[PlyCount "116"]
[Result "0-1"]

1.e4 {hi}  e6 2.Nf3 b6 3.Bc4 Bb7 4.d3 d5 5.exd5 
exd5 6.Bb3 b5 7.O-O Bd6 8.Re1+ Ne7 9.Nc3 O-O 
10.Bd2 Nd7 11.Nxb5 Re8 12.Nxd6 cxd6 13.Ng5 Nf6 
14.Ba4 Bc6 15.Bxc6 Nxc6 16.Qf3 Re5 17.c3 Qd7 18.d4 
Rxe1+ 19.Rxe1 Re8 20.Rxe8+ Qxe8 21.h3 h6 22.Nh7 
Kxh7 23.b4 Qe4 24.Qxe4+ Nxe4 25.Be1 f5 26.f3 Nf6 
27.Bg3 Ne8 28.Kf2 g5 29.h4 f4 30.Bh2 Ng7 31.a4 Nh5 
32.hxg5 hxg5 33.Bg1 Kh6 34.Ke1 Ng3 35.Bf2 Nh1 
36.Ke2 Kh5 37.b5 Na5 38.Be1 Nc4 39.Kf1 Ng3+ 
40.Bxg3 fxg3 41.Ke2 g4 42.Kf1 Kg5 43.Ke2 
{(offering draw)}  Kf4 44.fxg4 Kxg4 45.Kf1 Kf4 
46.Ke2 Ke4 47.Ke1 Ke3 48.Kf1 Kd2 49.Kg1 Kxc3 
50.Kf1 Kd2 51.Kg1 Ke2 52.Kh1 Ke3 53.Kg1 Kxd4 
54.Kf1 Ke3 55.Ke1 d4 56.Kd1 Kd3 57.Kc1 Kc3 58.Kd1 
d3 0-1

[Event "HCL-C4118"]
[Site "www.playchess.de"]
[Date "2006.02.08"]
[Round "5"]
[White "WPrimo"]
[Black "Innessa"]
[WhiteElo "1297"]
[BlackElo "884"]
[PlyCount "79"]
[Result "1-0"]

1.e4 e5 {Hi ! Good luck !}  2.Nf3 {Good luck!}  d6 
3.d4 exd4 4.Nxd4 Nf6 {The Debut is unknown for me 
!  : )}  5.Nc3 c5 6.Bb5+ Bd7 7.Bxd7+ Nbxd7 8.Nf3 
h6 9.O-O g5 10.Re1 Ne5 11.Nd5 Nxd5 12.Nxe5 dxe5 
13.Qxd5 Bd6 14.c4 O-O 15.b3 Qa5 16.Bb2 Rad8 
17.Qxb7 Qd2 18.Rab1 f5 19.Red1 Qf4 20.Qd5+ Kh8 
21.g3 Qf3 22.Bxe5+ Bxe5 23.Qxe5+ Kh7 24.Qe7+ Kg8 
25.Rxd8 Rxd8 26.Qxd8+ Kh7 27.Qd7+ Kg6 28.Qxf5+ 
Qxf5 {Thank You !    : )}  29.exf5+ Kxf5 30.Re1 
Kg4 31.Kg2 h5 32.Re5 h4 33.Rxc5 hxg3 34.hxg3 a5 {: 
)}  35.f3+ Kh5 36.Rc6 g4 37.fxg4+ Kxg4 38.Rf6 Kg5 
{: )}  39.Rf4 Kg6 40.c5 1-0

[Event "HCL-B3874"]
[Site "www.playchess.de"]
[Date "2006.02.08"]
[Round "7"]
[White "Frost666"]
[Black "Ebaw"]
[WhiteElo "1378"]
[BlackElo "1351"]
[PlyCount "73"]
[Result "1/2-1/2"]

1.d4 d5 2.c4 e6 3.Nc3 Nf6 4.Bg5 Nbd7 5.e3 Bb4 
6.Nf3 c6 7.Bd3 h6 8.Bh4 O-O 9.Qc2 Qa5 10.a3 Bxc3+ 
11.bxc3 dxc4 12.Bxc4 b5 13.Bd3 Bb7 14.O-O c5 
15.Ne5 Nxe5 16.dxe5 Nd5 17.c4 bxc4 18.Qxc4 Nb6 
19.Qb5 Qxb5 20.Bxb5 a6 21.Be2 g5 22.Bg3 Rfd8 
23.Rfb1 Rd2 24.Kf1 Bxg2+ 25.Ke1 Rd7 26.Rxb6 a5 
27.f3 Bh3 28.Rc6 Rd5 29.f4 gxf4 30.exf4 Bg2 31.Rd6 
Rc8 32.Rd1 c4 33.Rc1 c3 34.Rxd5 Bxd5 35.Bf2 Bb3 
36.Bd4 c2 37.Be3 {(offering draw)} 
 1/2-1/2

[Event "HCL-A2483"]
[Site "www.playchess.de"]
[Date "2006.02.08"]
[Round "7"]
[White "saemi"]
[Black "marandreo"]
[WhiteElo "1673"]
[BlackElo "1700"]
[PlyCount "76"]
[Result "0-1"]

1.e4 {Hello from Iceland}  c5 {Hello fm Turin. 
Have fun!}  2.Nf3 d6 3.d4 cxd4 4.Nxd4 Nf6 5.Nc3 e6 
6.Be2 Nc6 7.O-O Be7 8.Be3 O-O 9.f4 Bd7 10.Nb3 a6 
11.a4 b6 12.Nd4 Qb8 13.b4 Nxb4 14.Qb1 a5 15.Bd2 
Rc8 16.Ndb5 Bc6 17.e5 dxe5 18.fxe5 Qxe5 19.Bf4 
Qc5+ 20.Kh1 Bxb5 21.Nxb5 Nfd5 {Merry Xmas (even if 
late) and Happy New Year!}  22.Bf3 Qxc2 23.Qxc2 
{And the same to you.}  Rxc2 24.Rfd1 Rac8 25.h3 
Nxf4 26.Nd6 Bxd6 27.Rxd6 Nfd5 28.Rd1 g6 29.Rd4 Kf8 
30.Rd7 R8c4 31.Rxc4 Rxc4 32.Be2 Rc1+ 33.Kh2 Rc2 
34.Bf3 Ra2 35.Rd8+ Ke7 36.Rh8 h5 37.Bd1 Ne3 38.Bf3 
Rxa4 0-1

[Event "HCL-C4054"]
[Site "www.playchess.de"]
[Date "2006.02.08"]
[Round "12"]
[White "Idris"]
[Black "mudelta"]
[WhiteElo "880"]
[BlackElo "1125"]
[PlyCount "74"]
[Result "0-1"]

1.e4 {Hello}  e5 {hello have a nice game}  2.d3 
{Thanks. Happy New Year!}  Nf6 3.Nf3 d6 4.Be3 Nc6 
5.Be2 Be6 6.Nc3 a6 7.Qd2 Be7 8.O-O Qd7 9.Bg5 O-O-O 
10.a4 h6 11.Bxf6 Bxf6 12.Nd5 Bxd5 13.exd5 Ne7 
14.c3 Nxd5 15.c4 Nf4 16.Ne1 Kb8 17.b4 e4 18.Qxf4 
Bxa1 19.Qxe4 Rhe8 20.Bg4 Qxa4 21.Qf4 f6 22.Nf3 Be5 
23.Nxe5 dxe5 24.Qe4 Qxb4 25.Qg6 Re7 26.Bf3 Qc3 
27.Qe4 c6 28.Qe3 Rxd3 29.Qc5 Red7 30.Qb6 Qxc4 
31.Rb1 e4 32.Be2 Qb5 33.Bxd3 Qxb6 34.Rxb6 Rxd3 
35.Kf1 Kc7 36.Ke2 Kxb6 37.Kf1 a5 0-1

[Event "HCL-A2557"]
[Site "www.playchess.de"]
[Date "2006.02.08"]
[Round "14"]
[White "Deep_Trouble"]
[Black "scaper"]
[WhiteElo "1652"]
[BlackElo "1402"]
[PlyCount "71"]
[Result "1-0"]

1.d4 {Willkommen.  Haben sie einen gute spiel.}  
d5 {danke you are welcome}  2.Nf3 Nf6 3.Bf4 e6 
4.e3 a6 5.Bd3 Bd6 6.Nbd2 b5 7.O-O c5 8.Bxd6 Qxd6 
9.c3 c4 10.Bc2 O-O 11.Ne5 Nbd7 12.Ndf3 Nxe5 
13.Nxe5 Ne4 14.f3 f6 15.fxe4 fxe5 16.Rxf8+ Kxf8 
17.exd5 Kg8 18.Qh5 g6 19.Qxe5 Qxd5 20.Qxd5 exd5 
21.Re1 Bf5 22.Bd1 Be4 23.Rf1 Re8 24.Rf6 a5 25.Rb6 
b4 26.cxb4 axb4 27.Rxb4 {By the way, you're making 
like Topolov; you seem to be running away with 
this tournament.  Four wins in a row now! I think 
I better dust off Nimzo's My System and start 
reading it. ;-)}  h6 {you must do it! ;) next 
holiday ... perhaps again! after having read his 
lines i am seeing the pawns structure in a totally 
other way. that is the most important thing. for 
me . in the moment. that includes some blunders in 
other positions- chesslife! :)}  28.Rb7 {That's 
what I like about chess, you can never stop 
learning something new.}  Rf8 {and you get a 
feeling ..., it says it´s looking very good to 
you. 2 pawns must be enough! ;)}  29.a4 {Yes, but 
as the great Emanuel Lasker said, "The hardest 
game to win is a won game."}  Rc8 {o yes that is 
true! i lost a queen in a winning position in 
earlier times, but those things happen, whereas 
here it is very difficult to stand the free pawn.} 
 30.Bf3 {How long have you played chess? I first 
learned to play when I was in my late thirties.}  
Bxf3 {me in the beginning of the fourties. a 
totally fascinating game, also reflecting your 
inner stress status at work etc. while being 
divorced it was horrible!}  31.gxf3 {Chess, I 
feel, is a good way to get your mind away from the 
every day problems. You're in another world, just 
you and your army. :-)}  Ra8 {it´s another world, 
that´s it!}  32.Rb4 Kf7 33.e4 Ke6 34.Kf2 Ra6 
35.Ke3 Ra8 {my friend, ;-), i first of all i will 
congratulate you to this fine of winning! you have 
two chances now: either you accept my resigning 
after my next move or you move your rook on b8. 
all the best to you, cu}  36.Kd2 {I will 
graciously accept your resignation, seeing as I 
will soon be 3 pawns to the good. We will still be 
disputing first place after this game.} 
 1-0

[Event "HCL-B3865"]
[Site "www.playchess.de"]
[Date "2006.02.08"]
[Round "7"]
[White "errantknight"]
[Black "Corak"]
[WhiteElo "1202"]
[BlackElo "1200"]
[PlyCount "51"]
[Result "1-0"]

1.d4 c6 2.Nf3 e6 3.a3 Qa5+ 4.Bd2 Qd5 5.Nc3 Qa5 
{You got me on the run :o}  6.e3 b6 7.Nb1 Qa4 
8.Nc3 Qa5 9.b4 Bxb4 10.axb4 Qxb4 {This has been a 
good game so far, awesome}  11.Ra4 {yep very 
enjoyable}  Qe7 12.Qa1 b5 13.Rxa7 Nf6 14.Rxa8 Qd6 
15.Qa7 Qb4 16.Rxb8 Ne4 17.Rxc8+ Ke7 18.Rxh8 Nxc3 
19.Qc5+ Qxc5 20.dxc5 Ne4 21.Bb4 d5 22.cxd6+ Kf6 
23.d7 c5 24.d8Q+ Kg6 25.Bxc5 Nxc5 
26.Qg5+ 1-0

[Event "HCL-E1561"]
[Site "www.playchess.de"]
[Date "2006.02.08"]
[Round "33"]
[White "BigAl"]
[Black "chess50"]
[WhiteElo "1526"]
[BlackElo "2155"]
[PlyCount "20"]
[Result "0-1"]

1.c4 {Hi, nice to meet you. Good luck with the 
tournament}  e5 2.Nc3 Nf6 3.e3 Nc6 4.g3 d5 5.d3 
dxc4 6.dxc4 Qxd1+ 7.Nxd1 Nb4 8.Kd2 Bf5 9.Bg2 Rd8+ 
10.Ke2 Bd3+ 0-1

[Event "HCL-B3847"]
[Site "www.playchess.de"]
[Date "2006.02.08"]
[Round "6"]
[White "ChessMonster"]
[Black "nico21"]
[WhiteElo "1500"]
[BlackElo "1512"]
[PlyCount "44"]
[Result "0-1"]

1.e4 e5 2.f4 exf4 3.d4 d5 4.Nc3 Qh4+ 5.g3 fxg3 
6.Nf3 g2+ 7.Nxh4 gxh1Q 8.Bg5 Qg1 9.Nxd5 Bd6 10.Nf5 
Bxf5 11.exf5 Qxg5 12.Qe2+ Kd8 13.Bh3 Qh4+ 14.Kd1 
Qxh3 15.Kd2 Nf6 16.Nxf6 gxf6 17.Re1 Qxh2 18.Kd1 
Qxe2+ 19.Rxe2 Nc6 20.c3 Kd7 21.Rg2 Rag8 22.Re2 
Rg1+ 0-1

[Event "HCL-E1525"]
[Site "www.playchess.de"]
[Date "2006.02.08"]
[Round "24"]
[White "richard"]
[Black "PieceSeeker3"]
[WhiteElo "1755"]
[BlackElo "1596"]
[PlyCount "67"]
[Result "1-0"]

1.e4 e5 2.Nf3 Nc6 3.Bb5 d6 4.O-O Nf6 5.Re1 Bd7 
6.c3 a6 7.Bc4 Be7 8.d4 Na5 9.Bd3 O-O 10.dxe5 Ng4 
11.exd6 Bxd6 12.h3 Nxf2 13.Kxf2 f5 14.e5 Bc5+ 
15.Kf1 Nc6 16.b4 Be7 17.Bc4+ Kh8 18.e6 Be8 19.Qxd8 
Rxd8 20.Bf4 b5 21.Bb3 Rc8 22.Ne5 Nxe5 23.Rxe5 c5 
24.Rxc5 Rxc5 25.bxc5 Bxc5 26.Nd2 Bc6 27.Nf3 a5 
28.Ne5 Be8 29.Nd7 Bxd7 30.exd7 a4 31.Bd5 b4 
32.cxb4 Bxb4 33.Rc1 h6 34.Rc8 {pawn on the 7th is 
hard to stop}  1-0

[Event "HCL-B3868"]
[Site "www.playchess.de"]
[Date "2006.02.08"]
[Round "16"]
[White "SAROS"]
[Black "DTW"]
[WhiteElo "1233"]
[BlackElo "1289"]
[PlyCount "83"]
[Result "1-0"]

1.Nf3 b6 2.g3 Bb7 3.Bg2 d5 4.O-O Nc6 5.Re1 Nf6 
6.d4 e6 7.Bg5 Be7 8.c3 O-O 9.Nbd2 Ne4 10.Bxe7 Nxe7 
11.Nxe4 dxe4 12.Nd2 f5 13.e3 Ng6 14.f3 exf3 
15.Nxf3 Rb8 16.a4 Qd6 17.Qb3 Kh8 18.Ng5 Bxg2 
19.Kxg2 h6 20.Nxe6 Rf6 21.Nf4 Ne7 22.c4 Qc6+ 23.d5 
Qb7 24.Kg1 c6 25.Rad1 Rd8 26.dxc6 Nxc6 27.c5 Rb8 
28.cxb6 axb6 29.Nd5 Rd6 30.Nf4 Rxd1 31.Rxd1 Na5 
32.Qe6 Qe4 33.Qg6 Qxe3+ 34.Kg2 Qe4+ 35.Kh3 Qxa4 
36.Nh5 Qg4+ 37.Qxg4 fxg4+ 38.Kxg4 Nc4 39.Rc1 Nxb2 
40.Rc7 g6 41.Nf6 h5+ 42.Kg5 1-0

[Event "HCL-B3847"]
[Site "www.playchess.de"]
[Date "2006.02.08"]
[Round "3"]
[White "WStanEvans"]
[Black "ChessMonster"]
[WhiteElo "1410"]
[BlackElo "1500"]
[PlyCount "40"]
[Result "0-1"]

1.e4 {Greetings}  c6 2.d4 d5 3.e5 f6 4.exf6 Nxf6 
5.Bd3 e6 6.Nf3 c5 7.O-O Nc6 8.dxc5 Bxc5 9.Be3 Qd6 
10.Bxc5 Qxc5 11.Nbd2 e5 12.Nb3 Qd6 13.Bb5 Ng4 
14.h3 Nf6 15.c3 O-O 16.Re1 e4 17.Nfd4 Ne5 18.Bf1 
Bxh3 19.Re3 Nfg4 20.gxh3 Nf3+ 0-1

[Event "HCL-E1510"]
[Site "www.playchess.de"]
[Date "2006.02.09"]
[Round "3"]
[White "Roberto_Sammi"]
[Black "Sinla"]
[WhiteElo "2000"]
[BlackElo "1752"]
[PlyCount "44"]
[Result "0-1"]

1.d4 Nf6 2.c4 g6 3.Nc3 Bg7 4.e4 O-O 5.Be2 d6 6.Nf3 
e5 7.O-O Nc6 8.d5 Ne7 9.b4 Nh5 10.c5 h6 11.Qb3 f5 
12.Bd2 fxe4 13.Nxe4 Nf4 14.Bxf4 Rxf4 15.Bd3 Bg4 
16.Nfd2 Nf5 {Happy newyear!}  17.f3 {Happy New 
Year}  Nd4 18.Qc3 Bc8 19.Rac1 Rf7 20.cxd6 cxd6 
21.Nc4 Rc7 22.Qd2 Bf8 0-1

[Event "HCL-M846"]
[Site "www.playchess.de"]
[Date "2006.02.09"]
[Round "7"]
[White "BDG_Girl"]
[Black "raquca"]
[WhiteElo "2062"]
[BlackElo "1864"]
[PlyCount "55"]
[Result "1-0"]

1.d4 {Hello and good luck!}  c5 2.d5 g6 3.e4 Bg7 
4.d6 Qb6 5.Nc3 Bxc3+ 6.bxc3 Qxd6 7.Qxd6 exd6 8.Bf4 
Nc6 9.Bxd6 b6 10.Nf3 Nge7 11.Bd3 Bb7 12.O-O O-O 
13.Rfe1 Rfe8 14.Rad1 Na5 15.Ne5 Bc6 16.Ng4 Kg7 
17.Be5+ Kf8 18.Nf6 {Merry Christmas and may God 
Bless you and your family!}  Nb7 19.Nxh7+ Kg8 
20.Nf6+ Kf8 21.Nxe8 Kxe8 22.Bf6 Ng8 23.e5 Na5 
24.Bg5 c4 25.Be2 Rb8 26.Bg4 Ne7 27.Re3 Nd5 
28.Rh3 1-0

[Event "ACL-T166"]
[Site "www.playchess.de"]
[Date "2006.02.09"]
[Round "19"]
[White "ddddale"]
[Black "ETC_Chess"]
[WhiteElo "1575"]
[BlackElo "1930"]
[PlyCount "50"]
[Result "0-1"]

1.g4 d5 {Hello again and good luck!}  2.h3 {An 
hello to you also.}  e5 3.Bg2 c6 4.d4 e4 {Merry 
Christmas and Happy New Year!}  5.c4 Bd6 6.Nc3 Ne7 
7.Bd2 O-O 8.Qb3 dxc4 9.Qxc4 Be6 10.Qa4 f5 11.Qc2 
Na6 12.a3 Qb6 13.e3 Bb3 14.Qb1 c5 15.Nge2 cxd4 
16.exd4 Rad8 17.gxf5 Nxf5 18.Be3 Nxe3 19.fxe3 Nc5 
20.dxc5 Bxc5 21.Rf1 Bxe3 22.Nxe4 Rxf1+ 23.Bxf1 Qg6 
24.N4g3 Qd6 25.Bg2 Qd2+ 0-1

[Event "HCL-B3866"]
[Site "www.playchess.de"]
[Date "2006.02.09"]
[Round "10"]
[White "Ebaw"]
[Black "CYTO"]
[WhiteElo "1351"]
[BlackElo "1197"]
[PlyCount "41"]
[Result "1-0"]

1.e4 c5 {hello}  2.Nf3 {hello}  d6 3.d4 cxd4 
4.Nxd4 Nf6 5.Nc3 a6 6.Bc4 e5 7.Nde2 b5 8.Bd5 Nxd5 
9.Nxd5 Nc6 10.f4 exf4 11.Bxf4 Be7 12.O-O O-O 
13.Nxe7+ Qxe7 14.Bxd6 Qxe4 15.Bxf8 Kxf8 16.Nc3 Qg6 
17.Nd5 Bb7 18.Nb6 Ne5 19.Qe2 Re8 20.Rf2 Ng4 
21.Nd7+ 1-0

[Event "HCL-C3786"]
[Site "www.playchess.de"]
[Date "2006.02.09"]
[Round "6"]
[White "Janaka"]
[Black "Coelho2005"]
[WhiteElo "800"]
[BlackElo "800"]
[PlyCount "119"]
[Result "1-0"]

1.d4 d5 2.c4 Nf6 3.Nc3 Nc6 4.Nf3 e6 5.Bg5 Bb4 
6.Rc1 h6 7.Bxf6 Qxf6 8.e3 Bd7 9.Be2 Qg6 10.Nh4 Qg5 
11.g3 Na5 12.cxd5 exd5 13.a3 Bd6 14.Bf3 c6 15.Bg2 
O-O 16.O-O Bg4 17.Bf3 Bh3 18.Bg2 Bg4 19.Bf3 Bh3 
20.Bg2 Bxg2 21.Kxg2 Qf6 22.Nf3 Qf5 23.Nb1 Nc4 
24.Rc2 Rae8 25.Nfd2 Nxd2 26.Nxd2 Re6 27.Rc1 Qg6 
28.Nb3 Qe4+ 29.Qf3 Qxf3+ 30.Kxf3 Rf6+ 31.Kg2 Rf5 
32.Nd2 g5 33.Rfe1 g4 34.Ref1 Rh5 35.Nb3 Re8 36.Na5 
Re6 37.Nxb7 Bc7 38.Nc5 Rg6 39.Nd3 Rh3 40.Nf4 Bxf4 
41.exf4 Rh5 42.Rc2 Re6 43.Rfc1 Kf8 44.R2xc6 Ke7 
45.R6c7+ Kf6 46.Rxa7 Kg7 47.Rac7 Rf5 48.b4 Re4 
49.Rd1 Rf6 50.Rc2 Ra6 51.b5 Rxa3 52.Rb2 Kf8 53.b6 
Re8 54.b7 Rb8 55.Rc1 Ke7 56.Rc8 Rxb7 57.Rxb7+ Ke6 
58.Rc6+ Kf5 59.Rxf7+ Ke4 60.Re7+ 1-0

[Event "HCL-E1522"]
[Site "www.playchess.de"]
[Date "2006.02.09"]
[Round "19"]
[White "Matu"]
[Black "Tarrega"]
[WhiteElo "1530"]
[BlackElo "1565"]
[PlyCount "100"]
[Result "0-1"]

1.Nf3 d6 2.b3 Nf6 3.Bb2 e5 4.g3 Bg4 5.Bg2 c6 6.O-O 
Nbd7 7.h3 Bh5 8.g4 Bg6 9.e3 Rc8 10.d4 e4 11.Nfd2 
d5 12.c4 Bd6 13.Nc3 Qa5 14.a3 O-O 15.b4 Qd8 16.Rc1 
h5 17.g5 Nh7 18.h4 Nxg5 19.hxg5 Qxg5 20.f4 exf3 
21.Rxf3 Rce8 22.cxd5 Rxe3 23.dxc6 bxc6 24.Nf1 Rd3 
25.Qe2 Rxf3 26.Qxf3 Re8 27.Rd1 h4 28.Bc1 Qe7 
29.Qxc6 Qe6 30.Qd5 Qe7 31.Qg5 Nf6 32.Qxh4 a6 
33.Bd2 Qa7 34.Bg5 Be7 35.Kh1 Rc8 36.Qh3 Rd8 37.d5 
Qc7 38.Bxf6 Bxf6 39.Ne4 Be7 40.Ne3 Qe5 41.Qf3 f5 
42.Nc5 Bd6 43.Kg1 Qh2+ 44.Kf1 Bh5 45.Qxf5 Rf8 
46.Qxf8+ Kxf8 47.Ne6+ Kg8 48.Rc1 Qe5 49.Rc8+ Kf7 
50.Kf2 Qg3+ 0-1

[Event "HCL-A2488"]
[Site "www.playchess.de"]
[Date "2006.02.09"]
[Round "9"]
[White "saemi"]
[Black "Khalif"]
[WhiteElo "1673"]
[BlackElo "1745"]
[PlyCount "41"]
[Result "1-0"]

1.e4 {Hello from Iceland}  c5 {hello from Santiago 
of Chile}  2.Nf3 Nf6 3.e5 Nd5 4.Nc3 Nxc3 5.bxc3 
Nc6 6.Bb5 g6 7.d4 cxd4 8.cxd4 Bg7 9.O-O Qb6 10.c4 
O-O 11.Ba3 a6 12.Bxc6 bxc6 13.Bxe7 Re8 14.Bc5 Qa5 
15.Qd2 Qa4 16.Qb4 Qxb4 17.Bxb4 Rb8 18.a3 h6 
19.Rfe1 g5 20.h3 Bf8 21.Bd6 1-0

[Event "HCL-E1530"]
[Site "www.playchess.de"]
[Date "2006.02.09"]
[Round "9"]
[White "Tarrega"]
[Black "Alex87"]
[WhiteElo "1559"]
[BlackElo "2100"]
[PlyCount "33"]
[Result "1-0"]

1.e4 {hi}  c5 {hi! Merry Christmass and happy New 
Year!}  2.Nf3 {Same to you}  d6 3.Bb5+ Nd7 4.d4 
Ngf6 5.O-O a6 6.Bxd7+ Nxd7 7.Nc3 e6 8.Bg5 Qc7 9.d5 
e5 10.a4 b6 11.Nd2 h6 12.Bh4 g5 13.Bg3 h5 14.h4 
Be7 15.Nf3 g4 16.Ne1 Qd8 17.Bh2 1-0

[Event "HCL-M868"]
[Site "www.playchess.de"]
[Date "2006.02.09"]
[Round "2"]
[White "Still_Life"]
[Black "AJT"]
[WhiteElo "2082"]
[BlackElo "1943"]
[PlyCount "81"]
[Result "1/2-1/2"]

1.Nf3 {Pleased to meet you! :-)) From just east of 
Glasgow, Scotland ... enjoy our game, may the 
luckiest win! David}  d5 {Hello, Greetings from 
Leiden,s/w from A'dam and a cool match :) Michel}  
2.d4 Nf6 3.g3 c6 4.Bg2 Bf5 5.O-O e6 6.b3 Nbd7 
7.Bb2 Bd6 8.Nbd2 O-O 9.c4 h6 10.Ne5 a5 11.a3 Qe7 
12.Nxd7 Qxd7 13.f3 Rad8 14.e4 dxe4 15.Nxe4 Be7 
16.Qe2 e5 17.Rad1 Nxe4 18.fxe4 Bg4 19.Bf3 Bxf3 
20.Qxf3 exd4 21.Bxd4 Qe6 22.a4 Rxd4 23.Rxd4 Bc5 
24.Qf2 Qe5 25.Rfd1 f5 26.exf5 Rxf5 27.Qd2 Qe4 
28.h4 Qf3 29.Kh2 Bxd4 30.Qxd4 Qxb3 31.Re1 Qc2+ 
32.Kh3 Rf8 33.Re7 Qf5+ 34.Kh2 Qf2+ 35.Qxf2 Rxf2+ 
36.Kh3 Rc2 37.Rxb7 Rxc4 38.Rb6 Rxa4 39.Rxc6 Rb4 
40.Ra6 a4 41.h5 {(offering draw) Ain't rook 
endings fun?! :-)) David}  1/2-1/2